The Ideal Guide GMAT-Verbal Review (Record no. 138214)

MARC details
000 -LEADER
fixed length control field 00517nam a22001937a 4500
003 - CONTROL NUMBER IDENTIFIER
control field OSt
005 - DATE AND TIME OF LATEST TRANSACTION
control field 20260523154901.0
008 - FIXED-LENGTH DATA ELEMENTS--GENERAL INFORMATION
fixed length control field 260523b |||||||| |||| 00| 0 eng d
020 ## - INTERNATIONAL STANDARD BOOK NUMBER
International Standard Book Number 978-93-56817-99-9
040 ## - CATALOGING SOURCE
Transcribing agency SBCL
082 ## - DEWEY DECIMAL CLASSIFICATION NUMBER
Classification number 371.26
Item number CAR-I
100 ## - MAIN ENTRY--PERSONAL NAME
Personal name Career Launcher Infrastrustre
245 ## - TITLE STATEMENT
Title The Ideal Guide GMAT-Verbal Review
260 ## - PUBLICATION, DISTRIBUTION, ETC.
Place of publication, distribution, etc. New Delhi
Name of publisher, distributor, etc. GK Publications
Date of publication, distribution, etc. 2025
300 ## - PHYSICAL DESCRIPTION
Extent 266p.
630 ## - SUBJECT ADDED ENTRY--UNIFORM TITLE
General subdivision Social sciences, sociology & anthropology
650 ## - SUBJECT ADDED ENTRY--TOPICAL TERM
Topical term or geographic name entry element Education
942 ## - ADDED ENTRY ELEMENTS (KOHA)
Koha item type BOOK
Holdings
Withdrawn status Lost status Source of classification or shelving scheme Damaged status Not for loan Home library Current library Date acquired Cost, normal purchase price Total Checkouts Full call number Barcode Shelving location Date last seen Price effective from Koha item type
    Dewey Decimal Classification     SB LIBRARY SB LIBRARY 23/05/2026 695.00   371.26 CAR-I 146613 REFERENCE READING ROOM 23/05/2026 23/05/2026 BOOK

Powered by Koha